000 00510nam a2200169 i 4500
001 100860
003 ES-MaACL
005 20230906182753.0
007 t|
008 051006s1964 sp ||||1| spa d
100 1 _aMateu Sancho, P.
_979007
245 1 3 _aLa Luna
_b: próximo objetivo astronáutico /
_cpor P. Mateu Sancho.
250 _a[1ª ed.].
260 _aBarcelona :
_bPlaza & Janés,
_c1964.
300 _a293 p., 20 lám., 1 map. pleg. :
_bil. ;
_c24 cm.
852 _aES-MaACL
_jC-25872
_bR.54804
999 _c100860
_d100860